Cd̤igo Sustantivo y Procesal del Trabajo

Detalles Bibliográficos
Autor principal: Chavarro Cadena, Jorge Enrique
Formato: eBook
Lenguaje:español
Publicado: Bogot ̀: Editorial Nueva Legislacin̤, 2013
Materias:
Acceso en línea:http://www.vlex.com/source/11357

MARC

LEADER 00000nam a22000007a 4500
005 20130614111219.0
007 cr|||| ||||
008 130614e2013 mx |||||s|||| 00||0 spa d
020 |a 978-958-8802-07-7  
035 |a 11357 
040 |a vLex 
090 |c 4357  |d 4357 
100 1 0 |a Chavarro Cadena, Jorge Enrique  
245 1 0 |a Cd̤igo Sustantivo y Procesal del Trabajo  |c / Jorge Enrique Chavarro Cadena   |h [Recurso electrn̤ico] 
256 |a Servicio en ln̕ea 
260 |a Bogot ̀:  |b Editorial Nueva Legislacin̤,   |c 2013 
300 |a 1 Recurso electrn̤ico 
506 |a Contenido solo disponible en los productos indicados  |d vLex Global  |d vLex Global (Academic Edition, excluding Law Schools)  |d vLex Global (U.S. Academic Edition, Law Schools)  |d vLex Global (U.S. Academic Edition, excluding Law Schools)  |d vLex Global (Academic Edition, Law Schools) 
650 4 |a Procedimiento laboral  |z Colombia 
650 4 |a Derecho laboral y Seguridad Social  |z Colombia 
740 |a vLex Libros (Servicio en ln̕ea) 
856 |a Acceso restringido  |u http://www.vlex.com/source/11357 
942 |c BOOK 
999 0 |a Labor courts